<?xml version="1.0" encoding="UTF-8"?>
<record
    xmlns:xsi="http://www.w3.org/2001/XMLSchema-instance"
    xsi:schemaLocation="http://www.loc.gov/MARC21/slim http://www.loc.gov/standards/marcxml/schema/MARC21slim.xsd"
    xmlns="http://www.loc.gov/MARC21/slim">

  <leader>03462nam a2200517Ii 4500</leader>
  <controlfield tag="001">DIGUNCK0104</controlfield>
  <controlfield tag="003">NyNyDIG</controlfield>
  <controlfield tag="006">m     o  d        </controlfield>
  <controlfield tag="008">200122t20152009ck a    ob    001 0 spa d</controlfield>
  <controlfield tag="007">cr |||||||||||</controlfield>
  <datafield tag="035" ind1=" " ind2=" ">
    <subfield code="a">(OCoLC)1007139908</subfield>
  </datafield>
  <datafield tag="040" ind1=" " ind2=" ">
    <subfield code="a">DGITA</subfield>
    <subfield code="b">eng</subfield>
    <subfield code="e">rda</subfield>
    <subfield code="e">pn</subfield>
    <subfield code="c">DGITA</subfield>
  </datafield>
  <datafield tag="020" ind1=" " ind2=" ">
    <subfield code="a">9789587755589</subfield>
    <subfield code="q">(eBook ;</subfield>
    <subfield code="q">pdf)</subfield>
  </datafield>
  <datafield tag="020" ind1=" " ind2=" ">
    <subfield code="a">9587755588</subfield>
    <subfield code="q">(eBook ;</subfield>
    <subfield code="q">pdf)</subfield>
  </datafield>
  <datafield tag="020" ind1=" " ind2=" ">
    <subfield code="z">9789587192377</subfield>
  </datafield>
  <datafield tag="020" ind1=" " ind2=" ">
    <subfield code="z">9587192370</subfield>
  </datafield>
  <datafield tag="043" ind1=" " ind2=" ">
    <subfield code="a">s-ck---</subfield>
  </datafield>
  <datafield tag="050" ind1="1" ind2="4">
    <subfield code="a">F2277 ebook</subfield>
  </datafield>
  <datafield tag="082" ind1="0" ind2="4">
    <subfield code="a">986.1063</subfield>
  </datafield>
  <datafield tag="245" ind1="0" ind2="0">
    <subfield code="a">Rep&#xFA;blica Liberal :</subfield>
    <subfield code="b">sociedad y cultura /</subfield>
    <subfield code="c">Rub&#xE9;n Sierra Mej&#xED;a, editor.</subfield>
  </datafield>
  <datafield tag="264" ind1=" " ind2="1">
    <subfield code="a">Bogot&#xE1;, D.C. :</subfield>
    <subfield code="b">Universidad Nacional de Colombia, Facultad de Ciencias Humanas, Departamento de Filosof&#xED;a,</subfield>
    <subfield code="c">[2015]</subfield>
  </datafield>
  <datafield tag="264" ind1=" " ind2="4">
    <subfield code="c">&#xA9;2009</subfield>
  </datafield>
  <datafield tag="300" ind1=" " ind2=" ">
    <subfield code="a">1 online resource :</subfield>
    <subfield code="b">illustrations.</subfield>
  </datafield>
  <datafield tag="336" ind1=" " ind2=" ">
    <subfield code="a">text</subfield>
    <subfield code="b">txt</subfield>
    <subfield code="2">rdacontent</subfield>
  </datafield>
  <datafield tag="337" ind1=" " ind2=" ">
    <subfield code="a">computer</subfield>
    <subfield code="b">c</subfield>
    <subfield code="2">rdamedia</subfield>
  </datafield>
  <datafield tag="338" ind1=" " ind2=" ">
    <subfield code="a">online resource</subfield>
    <subfield code="b">cr</subfield>
    <subfield code="2">rdacarrier</subfield>
  </datafield>
  <datafield tag="347" ind1=" " ind2=" ">
    <subfield code="a">text file</subfield>
    <subfield code="2">rdaft</subfield>
  </datafield>
  <datafield tag="347" ind1=" " ind2=" ">
    <subfield code="b">PDF</subfield>
  </datafield>
  <datafield tag="490" ind1="1" ind2=" ">
    <subfield code="a">Biblioteca abierta ;</subfield>
    <subfield code="v">373.</subfield>
    <subfield code="a">Colecci&#xF3;n general. Estudios interdisciplinarios</subfield>
  </datafield>
  <datafield tag="504" ind1=" " ind2=" ">
    <subfield code="a">Includes bibliographical references and index.</subfield>
  </datafield>
  <datafield tag="505" ind1="0" ind2=" ">
    <subfield code="a">El liberalismo de Alfonso L&#xF3;pez Pumarejo / Tom&#xE1;s Barrero -- Concepciones y debates sobre la cuesti&#xF3;n agraria (1920-1938) / Roc&#xED;o Londo&#xF1;o Botero -- El liberalismo y el movimiento sindical  durante la Rep&#xFA;blica Liberal / Fernando Cubides Cipagauta -- Los jesuitas y el sindicalismo / Sergio Echeverri Montes -- Cuando los indios se vuelven comunistas (1910-1950) / Roberto Pineda Camacho -- Reforma cultural, Iglesia cat&#xF3;lica  y Estado durante la Rep&#xFA;blica Liberal / Ren&#xE1;n Silva -- El mito del poder de la caricatura : el tr&#xE1;nsito  de la Hegemon&#xED;a Conservadora a la Rep&#xFA;blica Liberal / Beatriz Gonz&#xE1;lez -- La muerte simb&#xF3;lica de Jorge Eli&#xE9;cer Gait&#xE1;n / Dar&#xED;o Acevedo Carmona -- Pol&#xED;tica y cultura durante la Rep&#xFA;blica Liberal / Rub&#xE9;n Sierra Mej&#xED;a - Revoluci&#xF3;n : im&#xE1;genes, ideas, relatos / David Jim&#xE9;nez P. --  Pol&#xED;tica y derecho en las ideas filos&#xF3;ficas durante la Rep&#xFA;blica Liberal / Leonardo Tovar Gonz&#xE1;lez -- Tradici&#xF3;n y modernidad en el pensamiento de Cayetano Betancur / Iv&#xE1;n Gonz&#xE1;lez Puccetti  -- Ciencia y educaci&#xF3;n superior en la Rep&#xFA;blica Liberal / Clara Helena S&#xE1;nchez Botero -- La Escuela Normal Superior :  un semillero de las ciencias humanas y sociales / Jaime Eduardo Jaramillo Jim&#xE9;nez -- Pol&#xED;tica y arquitectura : la Escuela Nueva en la Rep&#xFA;blica Liberal  / Carlos Ni&#xF1;o Murcia.</subfield>
  </datafield>
  <datafield tag="588" ind1="0" ind2=" ">
    <subfield code="a">Online resource; title from PDF title page (Digitalia, viewed January 30, 2020)</subfield>
  </datafield>
  <datafield tag="651" ind1=" " ind2="0">
    <subfield code="a">Colombia</subfield>
    <subfield code="x">Politics and government</subfield>
    <subfield code="y">1930-1946.</subfield>
  </datafield>
  <datafield tag="650" ind1=" " ind2="0">
    <subfield code="a">Liberalism</subfield>
    <subfield code="z">Colombia</subfield>
    <subfield code="x">History</subfield>
    <subfield code="y">20th century.</subfield>
  </datafield>
  <datafield tag="650" ind1=" " ind2="0">
    <subfield code="a">Politics and culture</subfield>
    <subfield code="z">Colombia</subfield>
    <subfield code="x">History</subfield>
    <subfield code="y">20th century.</subfield>
  </datafield>
  <datafield tag="655" ind1=" " ind2="0">
    <subfield code="a">Electronic books.</subfield>
  </datafield>
  <datafield tag="700" ind1="1" ind2=" ">
    <subfield code="a">Sierra Mej&#xED;a, Rub&#xE9;n,</subfield>
    <subfield code="e">editor.</subfield>
  </datafield>
  <datafield tag="791" ind1="2" ind2=" ">
    <subfield code="a">Digitalia (Firm),</subfield>
    <subfield code="e">distributor.</subfield>
  </datafield>
  <datafield tag="793" ind1="0" ind2=" ">
    <subfield code="g">Digitalia eBook Collection:</subfield>
    <subfield code="a">Universidad Nacional de Colombia</subfield>
  </datafield>
  <datafield tag="776" ind1="0" ind2="8">
    <subfield code="i">Print version:</subfield>
    <subfield code="t">Rep&#xFA;blica Liberal.</subfield>
    <subfield code="d">Bogot&#xE1;, D.C. : Departamento de Filosof&#xED;a, Facultad de Ciencias Humanas, Universidad Nacional de Colombia, &#xA9;2009</subfield>
    <subfield code="z">9789587192377</subfield>
    <subfield code="w">(OCoLC)528721124</subfield>
  </datafield>
  <datafield tag="830" ind1=" " ind2="0">
    <subfield code="a">Biblioteca abierta ;</subfield>
    <subfield code="v">373.</subfield>
  </datafield>
  <datafield tag="830" ind1=" " ind2="0">
    <subfield code="a">Biblioteca abierta.</subfield>
    <subfield code="p">Colecci&#xF3;n general.</subfield>
    <subfield code="p">Estudios interdisciplinarios.</subfield>
  </datafield>
  <datafield tag="856" ind1="4" ind2="0">
    <subfield code="3">Digitalia Hisp&#xE1;nica</subfield>
    <subfield code="u">https://www.digitaliapublishing.com/a/62213/</subfield>
  </datafield>
  <datafield tag="910" ind1=" " ind2=" ">
    <subfield code="a">Premium collection: 2020</subfield>
  </datafield>
  <datafield tag="942" ind1=" " ind2=" ">
    <subfield code="c">RAA</subfield>
  </datafield>
  <datafield tag="952" ind1=" " ind2=" ">
    <subfield code="0">0</subfield>
    <subfield code="1">0</subfield>
    <subfield code="4">0</subfield>
    <subfield code="7">0</subfield>
    <subfield code="8">DEH</subfield>
    <subfield code="a">BD-UIN</subfield>
    <subfield code="b">BD-UIN</subfield>
    <subfield code="d">2025-04-25</subfield>
    <subfield code="l">0</subfield>
    <subfield code="r">2025-04-25</subfield>
    <subfield code="w">2025-04-25</subfield>
    <subfield code="y">RAA</subfield>
  </datafield>
  <datafield tag="999" ind1=" " ind2=" ">
    <subfield code="c">258358</subfield>
    <subfield code="d">258358</subfield>
  </datafield>
</record>
